|
|
|
|
| LEADER |
00000nam0a2200000 4500 |
| 001 |
300374 |
| 005 |
20231102001308.0 |
| 035 |
|
|
|a (RuTPU)RU\TPU\book\325527
|
| 090 |
|
|
|a 300374
|
| 100 |
|
|
|a 20150709d1983 km y0rusy50 ca
|
| 101 |
0 |
|
|a rus
|
| 102 |
|
|
|a RU
|
| 105 |
|
|
|a y g 000zy
|
| 200 |
1 |
|
|a Планирование и оценка объемов работ по интенсификации добычи нефти
|e справочник
|f Т. И. Ефимова, Б. Я. Зарецкий, А. З. Шефер
|
| 210 |
|
|
|a Москва
|c Недра
|d 1983
|
| 215 |
|
|
|a 184 с.
|
| 606 |
1 |
|
|a Нефтедобыча
|x Интенсификация
|x Трудоемкость
|x Экономическая эффективность
|2 stltpush
|3 (RuTPU)RU\TPU\subj\45681
|9 64874
|
| 610 |
1 |
|
|a планирование
|
| 610 |
1 |
|
|a оценка
|
| 610 |
1 |
|
|a объемы
|
| 610 |
1 |
|
|a коэффициенты
|
| 610 |
1 |
|
|a получение
|
| 610 |
1 |
|
|a методика
|
| 610 |
1 |
|
|a применение
|
| 610 |
1 |
|
|a трудоемкие работы
|
| 610 |
1 |
|
|a справочники
|
| 675 |
|
|
|a 622.276.6(035)
|v 4
|
| 700 |
|
1 |
|a Ефимова
|b Т. И.
|g Тамара Ивановна
|
| 701 |
|
1 |
|a Зарецкий
|b Б. Я.
|g Борис Яковлевич
|
| 701 |
|
1 |
|a Шефер
|b А. З.
|g Аркадий Зиновьевич
|
| 801 |
|
1 |
|a RU
|b 63413507
|c 20150709
|
| 801 |
|
2 |
|a RU
|b 63413507
|c 20190412
|g RCR
|
| 942 |
|
|
|c BK
|